Central Library OPAC University of Rajshahi

An introduction to animal behaviour / (Record no. 12747)

MARC details
000 -LEADER
fixed length control field 00794nam a2200277 a 4500
001 - CONTROL NUMBER
control field 12747
003 - CONTROL NUMBER IDENTIFIER
rucl marc code (BD-RjUL)
005 - DATE AND TIME OF LATEST TRANSACTION
control field 20211208235341.0
008 - FIXED-LENGTH DATA ELEMENTS--GENERAL INFORMATION
fixed length control field 880808s1972 enka b 001 0 eng
020 ## - INTERNATIONAL STANDARD BOOK NUMBER
International Standard Book Number 0713123605
International Standard Book Number 0713123613 (pbk)
035 ## - SYSTEM CONTROL NUMBER
System control number (BD-RjUL)12797
040 ## - CATALOGING SOURCE
Original cataloging agency DLC
Transcribing agency DLC
Modifying agency (BD-RjUL)
Language of cataloging eng
041 ## - LANGUAGE CODE
Language code of text/sound track or separate title eng
082 ## - DEWEY DECIMAL CLASSIFICATION NUMBER
Edition number 23
Classification number 591.5
Author mark and year MAI 1973
100 1# - MAIN ENTRY--PERSONAL NAME
Personal name Manning, Aubrey.
9 (RLIN) 39709
245 13 - TITLE STATEMENT
Title An introduction to animal behaviour /
Statement of responsibility, etc. Aubrey Manning
250 ## - EDITION STATEMENT
Edition statement 2nd ed
260 ## - PUBLICATION, DISTRIBUTION, ETC. (IMPRINT)
Place of publication, distribution, etc. London :
Name of publisher, distributor, etc. Edward Arnold,
Date of publication, distribution, etc. c1972 [reprinted 1973,1975]
300 ## - PHYSICAL DESCRIPTION
Pagination x, 294 p. :
Illustrations ill. ;
Size 23 cm
504 ## - BIBLIOGRAPHY, ETC. NOTE
Bibliography, etc Bibliography: p. [270]-289
650 #0 - SUBJECT ADDED ENTRY--TOPICAL TERM
Topical term or geographic name as entry element Animal behavior
9 (RLIN) 5684
830 #0 - SERIES ADDED ENTRY--UNIFORM TITLE
Uniform title Contemporary biology
942 ## - ADDED ENTRY ELEMENTS (KOHA)
Source of classification or shelving scheme Dewey Decimal Classification
Koha item type Books
Holdings
Lost status Source of classification or shelving scheme Damaged status Not for loan Collection code Permanent Location Current Location Shelving location Date acquired Source of acquisition Cost, normal purchase price Total Checkouts Full call number Date last seen Copy number Koha item type
  Dewey Decimal Classification     Non-fiction Central Library, University of Rajshahi Central Library, University of Rajshahi   16/03/1976 K.P. Bagchi 19.00   591.5 MAI 1975 29/01/2014 C-6 Books
  Dewey Decimal Classification   Not For Loan Non-fiction Central Library, University of Rajshahi Central Library, University of Rajshahi Reading Room 08/12/2021 Janathan Wren & Co, London. 1.90   591.5 MAI 1973 20/03/2017 C-1 Books
  Dewey Decimal Classification     Non-fiction Central Library, University of Rajshahi Central Library, University of Rajshahi   28/01/1975 Janathan Wren & Co. 3.80   591.5 MAI 1973 30/05/2017 C-2 Books
  Dewey Decimal Classification     Non-fiction Central Library, University of Rajshahi Central Library, University of Rajshahi   16/03/1976 calcutta, K.P. Bagchi & co.     591.5 MAI 1975 09/12/2018 C-3 Books
  Dewey Decimal Classification     Non-fiction Central Library, University of Rajshahi Central Library, University of Rajshahi   23/11/1974 Janathan ware & co. 190.00   591.5 MAI 1973 09/12/2018 C-4 Books
  Dewey Decimal Classification     Non-fiction Central Library, University of Rajshahi Central Library, University of Rajshahi   16/03/1976 Calcutta, K.P. Bagchi & co. 19.00   591.5 MAI 1975 06/01/2019 C-5 Books
  Dewey Decimal Classification     Non-fiction Central Library, University of Rajshahi Central Library, University of Rajshahi   28/01/1975 Janathan ware & co. 3.80   591.5 MAI 1973 05/02/2019 C-7 Books